000
00282nam a22001217a 4500
020
_a
9789380027623
082
_a
621.3 GUP
100
_a
J. B. Gupta
245
_a
A Textbook of electrical technology
260
_a
New Delhi
_b
Kataria & Sons
_c
2014
300
_a
577p.
942
_c
BK
999
_c
490609
_d
490609